London Underground Slot Machine Quiz Stats

 Plays Quiz Updated Oct 1, 2018

Score 0/45 Timer 04:00
6 Plays Today
Word Station Name % Correct
HydeHyde Park Corner
93%
ParkHyde Park Corner
93%
CornerHyde Park Corner
93%
HeathrowHeathrow Terminal 5
91.1%
TerminalHeathrow Terminal 5
91.1%
5Heathrow Terminal 5
91.1%
NottingNotting Hill Gate
87.1%
HillNotting Hill Gate
87.1%
GateNotting Hill Gate
87.1%
ElephantElephant and Castle
86.5%
andElephant and Castle
86.5%
CastleElephant and Castle
86.5%
King'sKing's Cross St. Pancras
84.2%
CrossKing's Cross St. Pancras
84.2%
St. PancrasKing's Cross St. Pancras
84.2%
TottenhamTottenham Court Road
82.5%
CourtTottenham Court Road
82.5%
RoadTottenham Court Road
82.5%
St.St. John's Wood
79.8%
John'sSt. John's Wood
79.8%
WoodSt. John's Wood
79.8%
St.St. James's Park
78.7%
James'sSt. James's Park
78.7%
Word Station Name % Correct
ParkSt. James's Park
78.7%
HighHigh Street Kensington
71.6%
StreetHigh Street Kensington
71.6%
KensingtonHigh Street Kensington
71.6%
Shepherd'sShepherd's Bush Market
71.3%
BushShepherd's Bush Market
71.3%
MarketShepherd's Bush Market
71.3%
GreatGreat Portland Street
69.8%
PortlandGreat Portland Street
69.8%
StreetGreat Portland Street
69.8%
HarrowHarrow-on-the-Hill
63.5%
-on-the-Harrow-on-the-Hill
63.5%
HillHarrow-on-the-Hill
63.5%
BromleyBromley-by-Bow
60.3%
-by-Bromley-by-Bow
60.3%
BowBromley-by-Bow
60.3%
MillMill Hill East
58.3%
HillMill Hill East
58.3%
EastMill Hill East
58.3%
ChalfontChalfont and Latimer
55.7%
andChalfont and Latimer
55.7%
LatimerChalfont and Latimer
55.7%

You're not logged in!

Compare scores with friends on all Sporcle quizzes.
OR
Log In

Show Comments

Extras

Top Quizzes Today


Score Distribution

Your Account Isn't Verified!

In order to create a playlist on Sporcle, you need to verify the email address you used during registration. Go to your Sporcle Settings to finish the process.

Report this User

Report this user for behavior that violates our Community Guidelines.

Details: